000 00643nam a2200205 i 4500
001 95666
003 ES-MaACL
005 20231227201300.0
007 t|
008 050602s1949 sp ||||1| spa d
100 1 _aLlorca, Carmen,
_d1921-1998
_9181902
245 1 0 _aEuropa ¿en decadencia? /
_cCarmen Llorca ; prólogo de Laín Entralgo.
260 _aMadrid :
_bPrensa Española,
_c1949.
300 _a127 p. ;
_c20 cm.
651 _aEuropa-
_xHistoria.
_98599
700 1 _aLaín Entralgo, Pedro,
_d1908-2001
_969681
852 _aES-MaACL
_jC-56772
_bR.89496
852 _aES-MaACL
_jD-6131
_bR.29217
999 _c95666
_d95666